000 00869nam a22001937a 4500
001 10101
003 FISKH
005 20260408121133.0
008 260408b cb ||||| |||| 00| 0 eng d
020 _a9787830003586
040 _aFISKH
_bchi
_cFISKH
_dFISKH
100 _a米吉卡
245 _a泡泡车 /
_cBy 米吉卡
300 _a21 pages :
_bcolor illustrations ;
_c26 cm .
520 _a《泡泡车》是米吉卡编著、柳子绘画的一本儿童图画书。故事讲述了一辆神奇的“泡泡车”以及它的冒险旅程。书中通过充满想象力的汽车和幽默趣味的故事情节,引导孩子发挥想象力,认识不同的事物和场景,同时享受轻松有趣的阅读体验。故事语言简单,插图丰富,非常适合低幼儿童阅读。
700 _a柳子
_eIllustrator
942 _2ddc
_cBOOK
_n0
999 _c10101
_d10101